000 00723nam a22002537a 4500
001 69872
003 UA-OsUOA
005 20201218224253.0
007 ta
008 20100707b un ||||| |||| 00| 0 ukr d
020 _a978-966-00-0635
040 _aUA-OsUOA
_bukr
_cUA-OsUOA
_dUA-OsUOA
041 _aukr
080 _a2(075.8)
090 _a2(075.8)
_bХ23
100 _aХарьковщенко Є. А.
245 _aРелігієзнавство
_bпідручник
260 _aК.
_bНаукова думка
_c2007
300 _a379 с.
650 7 _a2 Релігія. Теологія.
_2UDC
942 _cBK
_2udc
955 _a2
999 _c356150
_d356150